000 00468nam a2200181Ia 4500
001 7993
005 20260306160536.0
008 260306t1992||||xx |||||||||||||| ||spa||
041 _aESP
082 _a370
_bJ72
100 _aJones, Gavin
_eAUT
245 0 _aCrecimiento poblacional y planificacion educativa en países en vías de desarrollo
260 _c1992
300 _a256 páginas :
_c21 cm.
650 _aGEN
654 _aCED
942 _cLIB
_dJUS
_fJUS
_2ddc
_n
999 _c7993
_d7993